00974cam a2200253 a 450000100060000000300080000600500170001400800410003103500190007204000370009104100080012808200250013610000300016124500960019126000520028730000270033950400270036665000560039365000380044983000670048794200120055499900170056695201370058350119BD-RjUL20211209075448.0160823s1968 nju b 001 0 eng  a(BD-RjUL)50239 aDLCcDLCdICUdDLCdBD-RjULbeng aeng00a613.7223bZEP 1968 1 aZeigler, Earle F.914283810aProblems in the history and philosophy of physical education and sport /cEarle F. Zeigler. aEnglewood Cliffs, N.J. :bPrentice-Hall,cc1968 aviii, 150 p. ;c23 cm. aBibliography and index 0aPhysical education and trainingxPhilosophy9150203 0aProfessionalism in sports9150204 aPrentice-Hall foundations of physical education series9150202 2ddccBK c50119d50119 00102ddc40708NFICaRUCLbRUCLcStackd1970-10-01eZeitlingerg23.00l0o613.7 ZEP 1968r2016-08-23 00:00:00tC-2w2021-12-09yBK